Central Library OPAC University of Rajshahi

Tudor Renaissance. / (Record no. 76393)

MARC details
000 -LEADER
fixed length control field 00900cam a22003011 4500
001 - CONTROL NUMBER
control field 76393
003 - CONTROL NUMBER IDENTIFIER
rucl marc code BD-RjUL
005 - DATE AND TIME OF LATEST TRANSACTION
control field 20211209082832.0
008 - FIXED-LENGTH DATA ELEMENTS--GENERAL INFORMATION
fixed length control field 191201s1951 xx a 001 0 eng
035 ## - SYSTEM CONTROL NUMBER
System control number (BD-RjUL)76614)
System control number (OCoLC)838932
040 ## - CATALOGING SOURCE
Original cataloging agency DLC
Transcribing agency MeWC
Modifying agency Uk
-- DLC
Language of cataloging eng
041 ## - LANGUAGE CODE
Language code of text/sound track or separate title eng
042 ## - AUTHENTICATION CODE
Authentication code premarc
082 ## - DEWEY DECIMAL CLASSIFICATION NUMBER
Classification number 709.42
Edition number 23
Author mark and year LET 1951
100 2# - MAIN ENTRY--PERSONAL NAME
Personal name Lees-Milne, James.
9 (RLIN) 235790
245 10 - TITLE STATEMENT
Title Tudor Renaissance. /
Statement of responsibility, etc. Lees-Milne, James.
260 ## - PUBLICATION, DISTRIBUTION, ETC. (IMPRINT)
Place of publication, distribution, etc. London,
-- New York,
Name of publisher, distributor, etc. Batsford
Date of publication, distribution, etc. [1951]
300 ## - PHYSICAL DESCRIPTION
Pagination viii, 152 p. :
Illustrations illus. (part col.) ports. (part col.) ;
Size 23 cm.
650 #0 - SUBJECT ADDED ENTRY--TOPICAL TERM
Topical term or geographic name as entry element Art
Geographic subdivision Great Britain.
9 (RLIN) 235792
Topical term or geographic name as entry element Art, Renaissance.
9 (RLIN) 235793
906 ## - LOCAL DATA ELEMENT F, LDF (RLIN)
a 7
b cbc
c oclcrpl
d u
e ncip
f 19
g y-gencatlg
942 ## - ADDED ENTRY ELEMENTS (KOHA)
Source of classification or shelving scheme Dewey Decimal Classification
Koha item type Books
Holdings
Lost status Source of classification or shelving scheme Damaged status Not for loan Collection code Permanent Location Current Location Shelving location Date acquired Source of acquisition Cost, normal purchase price Total Checkouts Full call number Date last seen Copy number Koha item type
  Dewey Decimal Classification   Not For Loan Non-fiction Central Library, University of Rajshahi Central Library, University of Rajshahi Reading Room 01/08/1957 A.B.C. 13.00   709.42 LET 1951 01/12/2019 C-1 Books